Orthogonal polynomials on the unit circle : theory and applications /

Guardado en:
Autor Corporativo: Universidad Carlos III de Madrid.
Otros Autores: Alfaro, Manuel. (Editor )
Formato: Libro
Idioma:English
Publicado: [Leganés : Universidad Carlos III de Madrid, 1994]
Etiquetas: Agregar Etiqueta
Sin Etiquetas, Sea el primero en etiquetar este registro!
LEADER 02176nam a22001935a 4500
001 MAT.inmabb004994
008 080822s1994####sp#a#####b####100#0#eng#d
005 20130226131608.0
245 0 0 |a Orthogonal polynomials on the unit circle :  |b theory and applications /  |c editors, Manuel Alfaro ... [et al.]. 
260 |a [Leganés :  |b Universidad Carlos III de Madrid,  |c 1994] 
300 |a vi, 205 p. :  |b il. ;  |c 31 cm. 
500 |a "Contains some of the invited lectures to [...] the workshop [...] held at the University Carlos III de Madrid on June 27-30, 1994"--Presentation. 
504 |a Incluye referencias bibliográficas. 
505 0 |a Adhemar Bultheel, Pablo González-Vera, Erik Hendriksen and Olav Njåstad, Numerical quadratures on the unit circle. A survey with some new results -- Adhemar Bultheel, Pablo González-Vera, Erik Hendriksen and Olav Njåstad, Orthogonal rational functions on the unit circle: theory, applications and generalizations -- M. A. Cachafeiro [Ma. Alicia Cachafeiro López] and M. C. Suarez, Kernels on the unit circle. Orthogonality -- Leonid Golinskii, Measures on the unit circle, orthogonal polynomials and reflection coefficients: recent trends -- Leonid Golinskii, On the second kind measures and polynomials on the unit circle -- Xin Li, Asymptotics of columns in the table of orthogonal polynomials with varying measures -- Franz Peherstorfer and Robert Steinbauer, Perturbation of orthogonal polynomials on the unit circle: a survey -- Lucia Rinaldi and Paolo Emilio Ricci, Complex symmetric functions and generalized discrete Fourier transform -- Franciszek Hugon Szafraniec, On preserving orthogonality of polynomials on the unit circle -- Walter Van Assche, Spectral theory and Rakhmanov's theorem for orthogonal polynomials on the unit circle -- Walter Van Assche and Ann Sinap, Orthogonal matrix polynomials on the unit circle and applications -- G. S. Ammar, D. Calvetti and L. Reichel, Continuation methods for the computation of zeros of Szegö polynomials. 
510 4 |a MR,  |c 95i:42002 
700 1 |a Alfaro, Manuel.  |4 edt 
710 2 |a Universidad Carlos III de Madrid. 
084 |a 42-06  |2 msc2000 
859 |h 42  |i Or77  |p A-7106  |b BIB. MATEMATICA